<?xml version="1.0" encoding="UTF-8"?>
<record
    xmlns:xsi="http://www.w3.org/2001/XMLSchema-instance"
    xsi:schemaLocation="http://www.loc.gov/MARC21/slim http://www.loc.gov/standards/marcxml/schema/MARC21slim.xsd"
    xmlns="http://www.loc.gov/MARC21/slim">

  <leader>01641nam a22002297a 4500</leader>
  <controlfield tag="003">DO-SdBNP</controlfield>
  <controlfield tag="005">20210825112859.0</controlfield>
  <controlfield tag="007">ta</controlfield>
  <controlfield tag="008">210825e2018    dr ||||gr|||| 001 edesp d</controlfield>
  <datafield tag="020" ind1=" " ind2=" ">
    <subfield code="a">9789945609837</subfield>
  </datafield>
  <datafield tag="040" ind1=" " ind2=" ">
    <subfield code="a">DO-SdBNP</subfield>
    <subfield code="b">spa</subfield>
    <subfield code="c">BNPHU</subfield>
  </datafield>
  <datafield tag="041" ind1=" " ind2=" ">
    <subfield code="h">spa</subfield>
  </datafield>
  <datafield tag="082" ind1=" " ind2=" ">
    <subfield code="b">R173d</subfield>
  </datafield>
  <datafield tag="100" ind1="1" ind2="2">
    <subfield code="9">2867</subfield>
    <subfield code="a">Guerrero Ram&#xED;rez, Rafael,</subfield>
    <subfield code="d">1962-</subfield>
  </datafield>
  <datafield tag="245" ind1="1" ind2="3">
    <subfield code="a">Diez consejos pr&#xE1;cticos en el Salmo 37. /</subfield>
    <subfield code="c">Rafael Guerrero Ram&#xED;rez; &#xD3;scar Arocha, pr&#xF3;l.</subfield>
  </datafield>
  <datafield tag="260" ind1=" " ind2=" ">
    <subfield code="a">Santo Domingo :</subfield>
    <subfield code="b">Editorial Santuario,</subfield>
    <subfield code="b">Editora B&#xFA;ho,</subfield>
    <subfield code="c">2018</subfield>
  </datafield>
  <datafield tag="300" ind1=" " ind2=" ">
    <subfield code="a">112 p;</subfield>
    <subfield code="c">23 cm</subfield>
  </datafield>
  <datafield tag="505" ind1=" " ind2=" ">
    <subfield code="a">Pr&#xF3;logo. /</subfield>
    <subfield code="r">&#xD3;scar Arocha.</subfield>
    <subfield code="t">Introducci&#xF3;n.--</subfield>
    <subfield code="t">Consejo 1. No te turbes a causa de los malos, porque ellos son temporales (Salmo 37.1-2).--</subfield>
    <subfield code="t">Consejo 2. Haz el bien, mirando a Dios y no a los hombres; porque Dios te hizo bien a pesar de tu maldad (Salmo 37.3).--</subfield>
    <subfield code="t">consejo 4. conf&#xED;ale tu vida al Se&#xF1;or y &#xC9;l te dar&#xE1; la victoria (Salmo 37.5-6).--</subfield>
    <subfield code="t">Consejo 5. Pon tu esperanza en el Se&#xF1;or, porque &#xC9;l nunca falla (Salmo 37.7.a y 22-26).--</subfield>
    <subfield code="t">Consejo 6. No te alteres por el &#xE9;xito de los imp&#xED;os, porque Dios te dar&#xE1; algo mejor (Salmo 37.7.b y 17-21).--</subfield>
    <subfield code="t">Consejo 7. controla tus emociones negativas, porque Dios controla todo para tu bien (Salmo 37.8-16).--</subfield>
    <subfield code="t">Consejo 8. Ap&#xE1;rtate del mal y haz el bien, porque cada uno cosecha lo que siembra (Salmo 37.27-33).--</subfield>
    <subfield code="t">Consejo 9. Af&#xED;rmate en Dios y en su camino y &#xC9;l te exaltar&#xE1; sobre los que se exaltan (Salmo 37.34-36).--</subfield>
    <subfield code="t">Consejo 10. Practica la integridad y la justicia y Dios estar&#xE1; contigo (Salmo 37.37-40)</subfield>
  </datafield>
  <datafield tag="590" ind1=" " ind2=" ">
    <subfield code="a">Inventariado 2021 / MF</subfield>
  </datafield>
  <datafield tag="700" ind1="1" ind2="2">
    <subfield code="a">Arocha, &#xD3;scar   </subfield>
    <subfield code="e">pr&#xF3;l.</subfield>
    <subfield code="9">79574</subfield>
  </datafield>
  <datafield tag="942" ind1=" " ind2=" ">
    <subfield code="2">ddc</subfield>
    <subfield code="c">LBS1</subfield>
  </datafield>
  <datafield tag="952" ind1=" " ind2=" ">
    <subfield code="0">0</subfield>
    <subfield code="1">0</subfield>
    <subfield code="2">ddc</subfield>
    <subfield code="5">1</subfield>
    <subfield code="7">1</subfield>
    <subfield code="8">PD</subfield>
    <subfield code="a">BNPHU</subfield>
    <subfield code="b">PD</subfield>
    <subfield code="c">HD</subfield>
    <subfield code="d">2018-11-27</subfield>
    <subfield code="e">Donado por Editora B&#xFA;ho</subfield>
    <subfield code="l">0</subfield>
    <subfield code="o">R173d</subfield>
    <subfield code="p">2021-25696</subfield>
    <subfield code="r">2021-08-25</subfield>
    <subfield code="w">2021-08-25</subfield>
    <subfield code="y">LFPD</subfield>
  </datafield>
  <datafield tag="952" ind1=" " ind2=" ">
    <subfield code="0">0</subfield>
    <subfield code="1">0</subfield>
    <subfield code="2">ddc</subfield>
    <subfield code="5">1</subfield>
    <subfield code="7">2</subfield>
    <subfield code="8">PD</subfield>
    <subfield code="a">BNPHU</subfield>
    <subfield code="b">PD</subfield>
    <subfield code="c">HD</subfield>
    <subfield code="d">2018-11-27</subfield>
    <subfield code="e">Donado por Editora B&#xFA;ho</subfield>
    <subfield code="l">0</subfield>
    <subfield code="o">R173d</subfield>
    <subfield code="p">2021-25698</subfield>
    <subfield code="r">2021-08-25</subfield>
    <subfield code="t">e.2</subfield>
    <subfield code="w">2021-08-25</subfield>
    <subfield code="y">LFPD</subfield>
  </datafield>
  <datafield tag="952" ind1=" " ind2=" ">
    <subfield code="0">0</subfield>
    <subfield code="1">0</subfield>
    <subfield code="2">ddc</subfield>
    <subfield code="5">1</subfield>
    <subfield code="7">1</subfield>
    <subfield code="8">DS</subfield>
    <subfield code="a">BNPHU</subfield>
    <subfield code="b">GR</subfield>
    <subfield code="c">HD</subfield>
    <subfield code="d">2018-11-27</subfield>
    <subfield code="e">Donado por Editora B&#xFA;ho</subfield>
    <subfield code="l">0</subfield>
    <subfield code="o">R173d</subfield>
    <subfield code="p">2021-25699</subfield>
    <subfield code="r">2021-08-25</subfield>
    <subfield code="t">e.3</subfield>
    <subfield code="w">2021-08-25</subfield>
    <subfield code="y">LFDS</subfield>
  </datafield>
  <datafield tag="999" ind1=" " ind2=" ">
    <subfield code="c">50280</subfield>
    <subfield code="d">50280</subfield>
  </datafield>
</record>
